书目信息 |
| 题名: |
容斋随笔精粹
|
|
| 作者: | 洪迈 原著 ;周学兵 注译 | |
| 分册: | ||
| 出版信息: | 成都 天地出版社 2017 |
|
| 页数: | 332页 | |
| 开本: | 23cm | |
| 丛书名: | ||
| 单 册: | ||
| 中图分类: | Z429.442 | |
| 科图分类: | ||
| 主题词: | 随笔--作品集--中国--南宋 | |
| 电子资源: | ||
| ISBN: | 978-7-5455-2394-2 | |
| 000 | 00834nam0 2200253 450 | |
| 001 | 012001003874 | |
| 005 | 20140926114741.0 | |
| 010 | @a978-7-5455-2394-2@b线装@dCNY39.80 | |
| 100 | @a20170619d2017 em y0chiy50 ea | |
| 101 | 0 | @achi |
| 102 | @aCN@b510000 | |
| 105 | @ay z 000cy | |
| 106 | @ar | |
| 200 | 1 | @a容斋随笔精粹@9rong zhai sui bi jing cui@f(南宋)洪迈原著@g周学兵注译 |
| 210 | @a成都@c天地出版社@d2017 | |
| 215 | @a332页@d23cm | |
| 330 | @a本书分别从原文、注释、译文、评析四大方面对《容斋随笔》进行了全新的解读,内容丰富,方便读者阅读和理解。 | |
| 605 | @a《容斋随笔》@x注释 | |
| 606 | 0 | @a随笔@x作品集@y中国@z南宋 |
| 690 | @aZ429.442@v5 | |
| 701 | 0 | @c(宋)@a洪迈@9hong mai@f(1123-1202)@4原著 |
| 702 | 0 | @a周学兵@9zhou xue bing@4注译 |
| 801 | 0 | @aCN@b上海新华@c20180901 |
| 905 | @b1163713-7@dZ429.442@e78@f5 | |
| 容斋随笔精粹/(南宋)洪迈原著/周学兵注译.-成都:天地出版社,2017 |
| 332页;23cm |
| ISBN 978-7-5455-2394-2(线装):CNY39.80 |
| 本书分别从原文、注释、译文、评析四大方面对《容斋随笔》进行了全新的解读,内容丰富,方便读者阅读和理解。 |
| ● |
| 相关链接 |
|
|
|
|
正题名:容斋随笔精粹
索取号:Z429.442/78
 
预约/预借
| 序号 | 登录号 | 条形码 | 馆藏地/架位号 | 状态 | 备注 |
| 1 | 1163713 | 211637139 | 第二样本阅览室/ [索取号:Z429.442/78] | 在馆 | |
| 2 | 1163714 | 211637148 | 第三借阅区/ [索取号:Z429.442/78] | 在馆 | |
| 3 | 1163715 | 211637157 | 第三借阅区/ [索取号:Z429.442/78] | 在馆 | |
| 4 | 1163716 | 211637166 | 第三借阅区/ [索取号:Z429.442/78] | 在馆 | |
| 5 | 1163717 | 211637175 | 密集书库-资源管理系/ [索取号:Z429.442/78] | 在馆 |